[Event "Torneo de Navidad Base y Senior - Casino Primitivo"]
[Site "Calle Maestra 3 (Palacio de Cultura) - Jaén"]
[Date "2022.12.10"]
[Round "1.1"]
[White "Bernabeu Lopez, Carlos Javier"]
[Black "Liebana Sanchez, Hugo"]
[Result "1-0"]
[WhiteElo "2468"]
[BlackElo "1042"]
[PlyCount "69"]
[EventDate "2022.??.??"]

{[%evp 0,69,21,-2,-9,-33,37,50,37,53,50,55,35,36,36,41,59,61,52,35,35,11,9,10,38,27,20,-2,-14,-2,2,2,6,3,46,46,41,17,69,79,75,69,81,64,99,74,80,73,190,95,154,151,301,272,273,224,235,230,312,339,355,333,373,382,396,414,410,429,556,593,612,635]} 1. c4 {[%emt 0:00:16]} Nf6 {[%emt 0:00:03]} 2. Nc3 {[%emt 0:00:02]} g6 {[%emt 0:00:04]} 3. e4 {[%emt 0:00:02]} d6 {[%emt 0:00:02]} 4. d4 {[%emt 0:00:01]} Bg7 {[%emt 0:00:03]} 5. Nf3 {[%emt 0:00:02]} O-O {[%emt 0:00:04]} 6. Be2 {[%emt 0:00:02]} e5 {[%emt 0:00:05]} 7. Be3 {[%emt 0:00:04]} Nc6 {[%emt 0:00:03]} 8. d5 {[%emt 0:00:01]} Ne7 {[%emt 0:00:02]} 9. Nd2 {[%emt 0:00:02]} Nd7 {[%emt 0:00:02]} 10. b4 {[%emt 0:00:14]} f5 {[%emt 0:00:04]} 11. f3 {[%emt 0:00:01]} fxe4 {[%emt 0:00:54]} 12. Ndxe4 {[%emt 0:00:39]} Nf5 {[%emt 0:00:20]} 13. Bf2 {[%emt 0:00:07]} Nf6 {[%emt 0:01:51]} 14. O-O {[%emt 0:00:13]} Nxe4 15. Nxe4 Bd7 16. c5 Qe7 17. Re1 b6 {[%emt 0:00:43]} 18. Bf1 {[%emt 0:00:14]} bxc5 {[%emt 0:00:38]} 19. bxc5 {[%emt 0:00:01]} a5 {[%emt 0:00:41]} 20. Rc1 {[%emt 0:00:58]} Rac8 {[%emt 0:00:09]} 21. Rc3 {[%emt 0:00:52]} dxc5 {[%emt 0:01:02]} 22. Bxc5 {[%emt 0:00:16]} Nd6 {[%emt 0:00:01]} 23. Qc1 {[%emt 0:00:15]} Rfd8 {[%emt 0:00:59]} 24. Qa3 {[%emt 0:00:06]} Be8 {[%emt 0:00:16]} 25. Rec1 {[%emt 0:00:10]} Bf8 {[%emt 0:00:36]} 26. Bxd6 {[%emt 0:01:09]} Rxd6 {[%emt 0:00:56]} 27. Nxd6 {[%emt 0:00:12]} Qxd6 {[%emt 0:00:02]} 28. Qxa5 {[%emt 0:00:07]} Bf7 {[%emt 0:00:34]} 29. Rxc7 {[%emt 0:00:20]} Rxc7 {[%emt 0:00:01]} 30. Qxc7 {[%emt 0:00:07]} Qxc7 {[%emt 0:00:12]} 31. Rxc7 {[%emt 0:00:02]} Bxd5 {[%emt 0:00:02]} 32. Bc4 {[%emt 0:00:02]} Bxc4 {[%emt 0:00:21]} 33. Rxc4 {[%emt 0:00:01]} Kg7 {[%emt 0:00:04]} 34. a4 Bd6 {[%emt 0:00:16]} 35. a5 {[%emt 0:00:02]} 1-0

[Event "Torneo de Navidad Base y Senior - Casino"]
[Site "Calle Maestra 3 (Palacio de Cu"]
[Date "2022.12.10"]
[Round "2.1"]
[White "Barruz Ramirez, Antonio Angel"]
[Black "Bernabeu Lopez, Carlos Javier"]
[Result "0-1"]
[WhiteElo "1498"]
[BlackElo "2468"]
[Annotator "Abruz"]
[PlyCount "60"]
[EventDate "2022.??.??"]

{[%evp 0,47,30,30,30,23,52,3,6,7,9,10,4,-11,15,13,18,0,5,-18,-37,-102,-81,-83,-80,-118,-131,-127,-126,-166,-154,-174,-179,-183,-185,-175,-165,-190,-195,-189,-204,-206,-211,-505,-523,-517,-527,-536,-536,-605] En esta partida se enfrentan con piezas blancas el jiennense y jugador del Primitivo Barruz Ramírez que antaño lograra triunfos en categorías infantiles y ahora inactivo por su carrera académica; y con piezas negras el cordobés del Oromana MF Bernabéu López, uno de los jugadores más fuertes del panorama andaluz y reciente campeón de Andalucía en las modalidades absoluto y rápido.} 1. d4 {[%emt 0:00:02]} Nf6 {[%emt 0:00:02]} 2. Nf3 {[%emt 0:00:02]} g6 {[%emt 0:00:01] India de Rey, fianchetto sin c4} 3. e3 {[%emt 0:00:07]} Bg7 {[%emt 0:00:02]} 4. Bd3 {[%emt 0:00:04] [#]La función del Alfil en "d3" es limitado por ahora que custodia la casilla "e4", pero ocupa importantes diagonales "f1-a6" y "b1-h7".} ({Más dinámico la secuencia} 4. c4 O-O 5. Nc3 {Casi siempre se debe desarrollar antes los Caballos que los Alfiles, según regla de Lasker. Ahora las blancas deben desarrollar los Alfiles, según principio estratégico de máxima actividad. En la posición se observa que las blancas ganan más espacio y control del centro.}) 4... O-O {[%emt 0:00:02]} 5. O-O {[%emt 0:00:02]} d5 {[%emt 0:00:05] La forma más directa de controlar el centro. Aunque todavía no se define el tipo de centro, pero en este momento se puede jugar en función de centro fijo, en donde las posibles casillas de invasión son la "e5" y la "c5" para las blancas y "c4" y "e4" para las negras. Para que se logre un centro fijo según concepto faltaría que por lo menos una de las columnas colindantes estuviera abierta o semiabierta (columnas "c" o "e").} 6. Nbd2 {[%emt 0:00:07]} c5 {[%emt 0:00:01]} 7. c3 $11 {[%emt 0:00:02] [#] Las piezas de las blancas plantean el sistema colle que es sencillo de aprender; la posición es sólida y prepara la ruptura en "e4" en las mejores condiciones. Tiene sentido al enfrentarse a un rival muy superior, según ELO. En este momento el centro está en tensión, pero bastaría con que las negras capturasen en "d4" y las blancas recapturasen con cualquiera de sus peones para obtener un típico de centro fijo.} Nc6 {[%emt 0:00:01]} ({Otra jugada natural sería Dama "b6", ver la siguiente partida} 7... Qb6 8. Rb1 a5 9. h3 Nc6 10. Re1 a4 11. Bc2 cxd4 12. exd4 a3 13. b4 Qc7 14. b5 Nd8 15. Rb3 Bf5 16. Bxa3 Bxc2 17. Qxc2 Ne6 18. b6 Qd7 19. Ne5 Qa4 20. Bxe7 Rfc8 21. Qb1 Qxa2 22. Qxa2 Rxa2 23. Bxf6 Bxf6 24. Ndf3 Rc2 25. Ng4 Bd8 26. Ne3 R2xc3 27. Rb5 Nf4 28. Ne5 Ne6 29. Nf3 Nf4 30. g3 Ne6 31. Kg2 Kg7 32. Reb1 Rd3 33. Rxd5 Bf6 34. Rd7 Rb8 35. d5 Nc5 36. Rc7 Ne4 37. Rb4 Nd6 38. g4 h6 39. h4 Ne8 40. Rd7 Ba1 41. g5 h5 42. Nc4 Kg8 43. Nce5 Rd1 44. Nxf7 Ng7 45. Nh6+ Kh8 46. Rf4 Rb1 47. Rff7 Rxb6 48. Nd2 Rb4 49. d6 Bc3 50. Rde7 Rd8 51. d7 Rxh4 52. Rxg7 {1-0 Cifuentes Parada, R (2495)-Nedobora,M (2440) Benasque op 1993 (8)}) 8. h3 {[%emt 0:00:09] Aquí valorar la posición no es tan fácil. Judada multifución, profilaxis. Con idea de restringir el juego del Alfil de las negras de casillas blancas y habilitar una salida de escape al Rey de las blancas, en cambio, crea un punto de ruptura en "g4" favorable a las negras.} b6 {[%emt 0:00:02] Las negras tratan de resolver el problema del Alfil de casillas blancas desarrollándolo por "b7" desde donde controlará las casillas centrales "d5-e4", podría seguir con el desarrollo de Dama a las casillas "c7" o "d6" ampliando el radio de acción de las Torres.} 9. Re1 {[%emt 0:00:16] Las blancas tratando de activar sus piezas a fin de llevar a cabo la ruptura en la casilla "e4", no obstante, omiten la posibilidad de luchar por la iniciativa que le brinda la jugada "b6" lo que favorece a las negras implementar su plan.} ({Si las blancas hubiesen optado por iniciar la 2ª parte de su plan con} 9. e4 $5 {se llegaría a una posición de peón aislado "d4" con opciones de coordinar fuerzas allí.}) 9... Bb7 $11 {[%emt 0:00:01] El conductor de las negras ha demostrado su maestría en el desarrollo de las piezas.} 10. e4 $4 {[%emt 0:00:04] [#] Un movimiento de ataque, pero las blancas aún no han terminado las tareas principales de la apertura y por lo tanto era mejor seguir con el desarrollo. Error de visualización, las blancas se precipitan en destruir el centro, ahora pieden material.} ({Las blancas han coordinado esfuerzos con las piezas Alfil "d3", Caballo "d2" y Torre "e1" sobre la casilla "e4" y están preparadas para iniciar la 2ª fase del plan con el propósito de abrir diagonales y columnas para que entren sus piezas en juego de manera efectiva.} 10. dxc5 $11 bxc5 11. e4 {trasponiendo a una posición con estructura de peones de las negras debilitada, es decir, peones colgantes "c5-d5" y peón aislado "a7", no obstante, las negras mantienen ventaja posicional debido al juego dinámico y actividad de las piezas, dicho de otro modo, cuando se abra el juego esos peones pueden ser muy peligrosos sino ponen contramedidas las blancas.} e6 12. exd5 exd5) ({Otra posibilidad es movilizar más efectivos, o sea, darle mayor actividad al Alfil "c1", Torre "a1" y Dama, por ejemplo} 10. b3 Qc7 11. Bb2 Rad8 12. Rc1 e6 13. Qc2 {y ahora en esta posición visualizar el plan del medio juego.}) 10... dxe4 {[%emt 0:00:03]} 11. Nxe4 {[%emt 0:00:02]} cxd4 {[%emt 0:00:02]} 12. cxd4 {[%emt 0:01:34]} ({Parece algo más interesante} 12. Nxf6+ Bxf6 13. cxd4 Nxd4 14. Be4 Bxe4 15. Rxe4 Ne6 16. Bh6 Qxd1+ 17. Rxd1 Rfd8 {mantienen la estructura de peones del flanco de dama y la Torre "a1" activa.}) 12... Nxd4 {[%emt 0:00:21]} 13. Nxd4 {[%emt 0:01:07]} Qxd4 {[%emt 0:00:02]} 14. Nxf6+ {[%emt 0:00:15]} Bxf6 {[%emt 0:00:17] Los Alfiles de las piezas negras tienen mayor influencia en el juego que los Alfiles de las piezas blancas, por otro lado, la posición propicia presionar el punto "g2" con el tándem Dama y Alfil "b7". Las blancas reflejan la contundencia y efectos del golpe recibido de las negras.} 15. Bf1 {[%emt 0:01:43] Jugada precisa que protege el punto "g2" pero favorecen a las negras simplificar la posición, uno de los principios del final, obteniendo más ventaja material y posicional.} Qxd1 {[%emt 0:00:09]} 16. Rxd1 {[%emt 0:00:01]} Rfd8 {[%emt 0:00:02]} 17. Rxd8+ {[%emt 0:00:16]} Rxd8 $17 {[%emt 0:00:01] Las piezas blancas están maniatadas debido a la falta de desarrollo y presión sobre el punto "b2".} 18. Be3 {[%emt 0:00:19] Las blancas tratan de defenderse lo mejor posible, pero la actividad de las negras es bastante visible.} Bxb2 $19 {[%emt 0:00:06]} 19. Rb1 {[%emt 0:00:11]} Bd4 {[%emt 0:00:23] Es cuestión de tiempo materializar la victoria de las piezas negras.} 20. Rd1 {[%emt 0:00:56]} e5 {Impidiendo algún contrajuego, otro principio de los finales.} 21. Bg5 Bxf2+ {[%emt 0:00:02]} 22. Kxf2 {[%emt 0:00:03]} Rxd1 {[%emt 0:00:01]} 23. a3 {[%emt 0:01:11]} Kg7 {[%emt 0:00:12]} 24. Be2 {[%emt 0:00:38]} Ra1 {[%emt 0:00:04]} 25. Be7 {[%emt 0:00:05]} Ra2 {[%emt 0:00:02]} 26. Ke3 {[%emt 0:01:15]} Bxg2 {[%emt 0:00:09]} 27. h4 {[%emt 0:00:02]} f5 {[%emt 0:00:09]} 28. Bd6 {[%emt 0:00:03]} f4+ {[%emt 0:00:06]} 29. Kf2 {[%emt 0:00:12]} f3 {[%emt 0:00:03]} 30. Bxe5+ {[%emt 0:00:09]} Kf7 {[%emt 0:00:01]} 0-1

[Event "Torneo de Navidad Base y Senior - Casino Primitivo"]
[Site "Calle Maestra 3 (Palacio de Cultura) - Jaén"]
[Date "2022.12.10"]
[Round "2.2"]
[White "Ordonez Torres, Maria del Carmen"]
[Black "Vaca Zudaire, Elias"]
[Result "1-0"]
[WhiteElo "2041"]
[BlackElo "1492"]
[PlyCount "115"]
[EventDate "2022.??.??"]

{[%evp 0,55,30,14,12,16,21,11,19,-5,4,9,10,24,22,22,26,16,25,42,34,22,35,16,27,7,50,43,41,32,33,37,55,19,19,12,53,47,50,53,81,72,65,49,48,26,13,-5,63,25,57,36,31,39,25,4,36,16]} 1. e4 {[%emt 0:00:02]} e5 {[%emt 0:00:04]} 2. Nf3 {[%emt 0:00:01]} Nc6 {[%emt 0:00:01]} 3. Bb5 a6 {[%emt 0:00:01]} 4. Ba4 Nf6 {[%emt 0:00:01]} 5. O-O {[%emt 0:00:02]} Nxe4 {[%emt 0:00:05]} 6. Re1 {[%emt 0:00:01]} Nc5 {[%emt 0:00:02]} 7. Bxc6 {[%emt 0:00:11]} dxc6 {[%emt 0:00:02]} 8. Nxe5 {[%emt 0:00:19]} Be7 {[%emt 0:00:01]} 9. d4 {[%emt 0:00:03]} Ne6 {[%emt 0:00:01]} 10. c3 {[%emt 0:00:06]} O-O {[%emt 0:00:05]} 11. f4 {[%emt 0:00:28]} Bf6 {[%emt 0:00:22]} 12. Qf3 {[%emt 0:00:36]} Qd5 {[%emt 0:00:38]} 13. Nd2 {[%emt 0:00:41]} Qxf3 {[%emt 0:00:16]} 14. Ndxf3 {[%emt 0:00:02]} g6 {[%emt 0:00:16]} 15. b3 {[%emt 0:01:47]} Ng7 {[%emt 0:00:02]} 16. Nd2 {[%emt 0:00:37]} Bf5 {[%emt 0:00:10]} 17. Ne4 {[%emt 0:00:17]} Bxe5 {[%emt 0:00:06]} 18. fxe5 {[%emt 0:00:06]} Bxe4 {[%emt 0:00:24]} 19. Rxe4 {[%emt 0:00:01]} Rad8 {[%emt 0:00:05]} 20. Bg5 {[%emt 0:00:26]} Rd7 {[%emt 0:00:09]} 21. b4 {[%emt 0:01:07]} b6 {[%emt 0:00:15]} 22. Rf1 {[%emt 0:00:28]} Ne6 {[%emt 0:00:32]} 23. Be3 {[%emt 0:00:39]} Rd5 {[%emt 0:01:15]} 24. h4 {[%emt 0:00:21]} Kg7 {[%emt 0:00:28]} 25. h5 {[%emt 0:00:12]} g5 {[%emt 0:00:14]} 26. Rf6 {[%emt 0:00:45]} h6 {[%emt 0:00:22]} 27. Kh2 {[%emt 0:00:16]} Rdd8 {[%emt 0:00:49]} 28. Rg4 {[%emt 0:00:03]} c5 {[%emt 0:00:43]} 29. bxc5 {[%emt 0:00:04]} bxc5 {[%emt 0:00:01]} 30. dxc5 {[%emt 0:00:07]} Rd3 {[%emt 0:00:10]} 31. Bd4 {[%emt 0:00:41]} Rd2 {[%emt 0:00:02]} 32. a4 {[%emt 0:00:18]} Ra2 {[%emt 0:00:09]} 33. Bg1 {[%emt 0:00:12]} Kh7 {[%emt 0:00:10]} 34. Rb4 {[%emt 0:00:03]} Nf4 {[%emt 0:00:05]} 35. Rbxf4 {[%emt 0:00:32]} gxf4 {[%emt 0:00:01]} 36. Rxf4 {[%emt 0:00:01]} Kg7 {[%emt 0:00:21]} 37. Bd4 {[%emt 0:00:18]} Rg8 {[%emt 0:00:16]} 38. e6+ {[%emt 0:00:03]} Kf8 {[%emt 0:00:01]} 39. Rxf7+ {[%emt 0:00:12]} Ke8 40. Rxc7 {[%emt 0:00:37]} Raxg2+ {[%emt 0:00:37]} 41. Kh1 R2g5 {[%emt 0:00:28]} 42. Rc8+ {[%emt 0:00:05]} Ke7 43. Rxg8 {[%emt 0:00:07]} Rxg8 {[%emt 0:00:01]} 44. Kh2 {[%emt 0:00:11]} Kxe6 {[%emt 0:00:03]} 45. Kh3 {[%emt 0:00:01]} Kd5 {[%emt 0:00:09]} 46. Kh4 {[%emt 0:00:02]} Rg2 {[%emt 0:00:19]} 47. Be3 {[%emt 0:00:13]} Ra2 {[%emt 0:00:24]} 48. Bxh6 {[%emt 0:00:04]} Rxa4+ {[%emt 0:00:02]} 49. Kg5 {[%emt 0:00:04]} Kxc5 {[%emt 0:00:10]} 50. Bg7 {[%emt 0:00:03]} Kc4 {[%emt 0:00:06]} 51. h6 {[%emt 0:00:02]} Ra1 52. h7 {[%emt 0:00:14]} Rh1 {[%emt 0:00:01]} 53. Bh6 {[%emt 0:00:02]} Rg1+ {[%emt 0:00:03]} 54. Kf6 {[%emt 0:00:06]} Rf1+ {[%emt 0:00:01]} 55. Kg6 {[%emt 0:00:04]} Rg1+ {[%emt 0:00:01]} 56. Kf5 {[%emt 0:00:06]} Rf1+ {[%emt 0:00:07]} 57. Kg4 {[%emt 0:00:01]} Kxc3 {[%emt 0:00:20]} 58. h8=Q+ {[%emt 0:00:18]} 1-0

[Event "Torneo de Navidad Base y Senior - Casino Primitivo"]
[Site "Calle Maestra 3 (Palacio de Cultura) - Jaén"]
[Date "2022.12.10"]
[Round "2.3"]
[White "Garcia Hurtado, Juan Ramon"]
[Black "Barruz Serrano, Antonio Angel"]
[Result "0-1"]
[WhiteElo "1403"]
[BlackElo "1923"]
[PlyCount "121"]
[EventDate "2022.??.??"]

{[%evp 0,59,22,12,58,66,67,44,69,18,1,-1,0,0,-1,-5,14,-3,-6,-18,10,-20,20,-4,-13,-20,60,33,50,30,38,18,26,-2,25,-12,-16,-14,-16,-11,-6,-7,-2,-56,-54,-62,-49,-206,-104,-213,-134,-162,-134,-299,-294,-253,-288,-296,-86,-88,-70,-67]} 1. e4 {[%emt 0:00:04]} c5 {[%emt 0:00:12]} 2. Nf3 {[%emt 0:00:07]} Nf6 {[%emt 0:00:04]} 3. Nc3 {[%emt 0:00:15]} d6 {[%emt 0:00:23]} 4. g3 {[%emt 0:00:21]} e5 {[%emt 0:00:08]} 5. Bg2 {[%emt 0:00:02]} Be7 {[%emt 0:00:01]} 6. O-O {[%emt 0:00:03]} O-O {[%emt 0:00:05]} 7. d3 {[%emt 0:00:11]} h6 {[%emt 0:00:04]} 8. Bd2 {[%emt 0:00:57]} Nc6 {[%emt 0:00:04]} 9. a3 {[%emt 0:00:02]} Rb8 {[%emt 0:00:07]} 10. Qc1 Kh7 {[%emt 0:00:05]} 11. Nh4 {[%emt 0:00:11]} Nd4 {[%emt 0:01:57]} 12. f4 {[%emt 0:00:12]} Ng4 {[%emt 0:00:58]} 13. Nf3 {[%emt 0:00:41]} Nxf3+ {[%emt 0:00:23]} 14. Rxf3 {[%emt 0:00:18]} Nf6 {[%emt 0:00:22]} 15. f5 {[%emt 0:00:10]} b5 {[%emt 0:00:05]} 16. h3 {[%emt 0:00:55]} a5 {[%emt 0:00:09]} 17. Nd5 {[%emt 0:00:43]} Nxd5 {[%emt 0:00:20]} 18. exd5 {[%emt 0:00:01]} Bb7 {[%emt 0:00:02]} 19. c4 {[%emt 0:00:03]} Bf6 {[%emt 0:00:24]} 20. Rf1 {[%emt 0:01:13]} Qb6 {[%emt 0:00:08]} 21. Be4 {[%emt 0:00:08]} bxc4 {[%emt 0:00:11]} 22. dxc4 {[%emt 0:00:09]} Ba6 23. b4 {[%emt 0:00:58]} axb4 {[%emt 0:00:24]} 24. a4 {[%emt 0:00:06]} Qd8 {[%emt 0:00:22]} 25. h4 {[%emt 0:00:28]} b3 {[%emt 0:00:22]} 26. Qb2 {[%emt 0:00:19]} Bxc4 {[%emt 0:00:07]} 27. Rf3 {[%emt 0:00:16]} Qd7 {[%emt 0:00:14]} 28. a5 {[%emt 0:00:45]} Ba6 {[%emt 0:00:02]} 29. Rxb3 {[%emt 0:00:11]} Rxb3 {[%emt 0:00:19]} 30. Qxb3 {[%emt 0:00:02]} Ra8 {[%emt 0:00:32]} 31. Rb1 {[%emt 0:00:12]} Bd8 {[%emt 0:00:19]} 32. f6+ {[%emt 0:00:19]} g6 {[%emt 0:00:01]} 33. Qe3 {[%emt 0:00:10]} Bxf6 {[%emt 0:00:13]} 34. Qxh6+ {[%emt 0:00:02]} Kg8 {[%emt 0:00:01]} 35. Rb6 {[%emt 0:00:54]} Qg4 {[%emt 0:00:17]} 36. Qe3 {[%emt 0:00:12]} Bxh4 {[%emt 0:00:29]} 37. Rxd6 {[%emt 0:00:01]} Bxg3 {[%emt 0:00:02]} 38. Qf3 {[%emt 0:00:43]} Qxf3 {[%emt 0:00:27]} 39. Bxf3 {[%emt 0:00:01]} e4 40. Rxa6 {[%emt 0:00:23]} Rxa6 {[%emt 0:00:03]} 41. Bxe4 {[%emt 0:00:06]} Bd6 {[%emt 0:00:08]} 42. Kf2 {[%emt 0:00:08]} Kf8 {[%emt 0:00:13]} 43. Bd3 {[%emt 0:00:04]} Ra7 {[%emt 0:00:01]} 44. Ke3 {[%emt 0:00:07]} Ke7 {[%emt 0:00:01]} 45. Ke4 {[%emt 0:00:02]} Kd7 {[%emt 0:00:04]} 46. Bb5+ {[%emt 0:00:02]} Kc7 {[%emt 0:00:01]} 47. Bc6 {[%emt 0:00:04]} Kb8 {[%emt 0:00:18]} 48. a6 {[%emt 0:00:03]} Re7+ {[%emt 0:00:02]} 49. Kd3 {[%emt 0:00:04]} Ka7 {[%emt 0:00:02]} 50. Bb7 {[%emt 0:00:03]} f5 {[%emt 0:00:09]} 51. Kc4 {[%emt 0:00:15]} Re2 {[%emt 0:00:13]} 52. Bg5 {[%emt 0:00:08]} f4 {[%emt 0:00:02]} 53. Kb5 {[%emt 0:00:01]} f3 {[%emt 0:00:09]} 54. Kc6 {[%emt 0:00:01]} f2 {[%emt 0:00:17]} 55. Bd8 Rb2 {[%emt 0:00:17]} 56. Kxd6 {[%emt 0:00:09]} Rxb7 {[%emt 0:00:04]} 57. axb7 {[%emt 0:00:12]} Kxb7 58. Kxc5 {[%emt 0:00:09]} f1=Q {[%emt 0:00:06]} 59. Be7 {[%emt 0:00:20]} Kc8 {[%emt 0:00:04]} 60. d6 {[%emt 0:00:02]} Kd7 61. Kd4 {[%emt 0:00:06]} 0-1

[Event "Torneo de Navidad Base y Senior - Casino Primitivo"]
[Site "Calle Maestra 3 (Palacio de Cultura) - Jaén"]
[Date "2022.12.10"]
[Round "2.4"]
[White "Prieto Melendrez, Gustavo"]
[Black "Sanchez Alvarez, Tomas"]
[Result "1-0"]
[WhiteElo "1876"]
[BlackElo "1347"]
[PlyCount "57"]
[EventDate "2022.??.??"]

{[%evp 0,57,23,12,44,42,22,-15,8,8,38,28,28,3,76,29,40,19,46,54,34,12,43,55,53,80,120,129,125,125,136,124,136,133,393,399,454,450,616,616,600,606,646,584,642,625,861,878,878,891,889,911,925,925,947,914,1002,913,926,928]} 1. e4 {[%emt 0:00:02]} c5 {[%emt 0:00:03]} 2. d4 {[%emt 0:00:07]} cxd4 {[%emt 0:00:02]} 3. c3 {[%emt 0:00:02]} Nf6 {[%emt 0:00:18]} 4. e5 {[%emt 0:00:02]} Nd5 {[%emt 0:00:20]} 5. Nf3 {[%emt 0:00:03]} e6 {[%emt 0:00:10]} 6. Bc4 {[%emt 0:00:04]} Qa5 {[%emt 0:00:52]} 7. Bxd5 {[%emt 0:00:56]} Qxd5 {[%emt 0:00:29]} 8. Qxd4 {[%emt 0:00:17]} Nc6 {[%emt 0:00:23]} 9. Qxd5 {[%emt 0:00:04]} exd5 {[%emt 0:00:02]} 10. O-O {[%emt 0:00:09]} Be7 {[%emt 0:00:15]} 11. Bf4 {[%emt 0:00:48]} O-O {[%emt 0:00:05]} 12. Rd1 {[%emt 0:00:16]} h6 {[%emt 0:00:38]} 13. Rxd5 {[%emt 0:00:06]} Rd8 {[%emt 0:00:13]} 14. Nbd2 {[%emt 0:00:21]} b6 {[%emt 0:00:27]} 15. Ne4 {[%emt 0:00:09]} Bb7 {[%emt 0:00:20]} 16. Nd6 {[%emt 0:00:09]} Nxe5 {[%emt 0:00:33]} 17. Nxb7 {[%emt 0:00:29]} Rdb8 {[%emt 0:01:04]} 18. Rxe5 {[%emt 0:00:15]} Bf6 {[%emt 0:00:42]} 19. Nd6 {[%emt 0:02:10]} Bxe5 {[%emt 0:00:33]} 20. Nxe5 {[%emt 0:00:03]} b5 {[%emt 0:00:34]} 21. Nexf7 {[%emt 0:00:11]} Rb6 {[%emt 0:00:25]} 22. Rd1 {[%emt 0:00:42]} Rxd6 {[%emt 0:00:47]} 23. Nxd6 {[%emt 0:00:04]} Rf8 {[%emt 0:00:07]} 24. Bg3 {[%emt 0:00:07]} a6 {[%emt 0:00:14]} 25. f3 {[%emt 0:00:04]} Rf6 {[%emt 0:01:08]} 26. Ne4 {[%emt 0:00:05]} Rf7 {[%emt 0:00:11]} 27. Nc5 {[%emt 0:00:14]} Rf5 {[%emt 0:00:58]} 28. Nxd7 {[%emt 0:00:20]} h5 {[%emt 0:00:28]} 29. h4 {[%emt 0:00:27]} 1-0

[Event "Torneo de Navidad Base y Senior - Casino Primitivo"]
[Site "Calle Maestra 3 (Palacio de Cultura) - Jaén"]
[Date "2022.12.10"]
[Round "2.5"]
[White "Moya Gonzalez, Jesus"]
[Black "Cano Padilla, Ruben Jesus"]
[Result "0-1"]
[WhiteElo "1279"]
[BlackElo "1866"]
[PlyCount "69"]
[EventDate "2022.??.??"]

{[%evp 0,44,23,23,23,-3,37,45,52,43,48,51,51,51,66,51,69,51,20,30,20,-1,-7,-4,-6,-1,-1,3,2,2,-2,-7,-7,-19,-4,-34,-58,-58,-32,-36,-37,-43,-19,-28,7,-58,-47]} 1. d4 {[%emt 0:29:40]} Nf6 {[%emt 0:00:17]} 2. c4 {[%emt 0:00:02]} g6 {[%emt 0:00:09]} 3. Nc3 {[%emt 0:00:02]} d5 {[%emt 0:00:02]} 4. cxd5 {[%emt 0:00:08]} Nxd5 {[%emt 0:00:02]} 5. e4 {[%emt 0:00:03]} Nxc3 {[%emt 0:00:03]} 6. bxc3 {[%emt 0:00:02]} Bg7 {[%emt 0:00:01]} 7. Nf3 {[%emt 0:00:08]} O-O {[%emt 0:00:03]} 8. Bc4 {[%emt 0:00:26]} c5 {[%emt 0:00:02]} 9. O-O {[%emt 0:00:23]} Bg4 {[%emt 0:00:57]} 10. Bb2 {[%emt 0:03:08]} Nc6 {[%emt 0:00:20]} 11. d5 {[%emt 0:02:41]} Ne5 {[%emt 0:00:10]} 12. Be2 {[%emt 0:00:05]} Nxf3+ {[%emt 0:00:08]} 13. Bxf3 {[%emt 0:00:04]} Bxf3 {[%emt 0:00:10]} 14. Qxf3 {[%emt 0:00:02]} b5 {[%emt 0:00:59]} 15. Rab1 {[%emt 0:00:10]} c4 {[%emt 0:02:11]} 16. Rfe1 {[%emt 0:00:32]} Qd6 {[%emt 0:00:20]} 17. Qg3 {[%emt 0:00:18]} Be5 {[%emt 0:00:28]} 18. Qh4 {[%emt 0:01:32]} a6 {[%emt 0:01:25]} 19. Rf1 {[%emt 0:01:20]} Bf6 {[%emt 0:01:08]} 20. Qg3 {[%emt 0:00:05]} Qxg3 {[%emt 0:00:45]} 21. hxg3 {[%emt 0:00:01]} e6 {[%emt 0:00:05]} 22. Rfd1 {[%emt 0:00:26]} Rfd8 {[%emt 0:00:07]} 23. f4 {[%emt 0:00:10]} exd5 {[%emt 0:00:06]} 24. exd5 {[%emt 0:00:02]} Rd7 {[%emt 0:00:06]} 25. Ra1 {[%emt 0:00:06]} Rad8 {[%emt 0:00:02]} 26. a4 {[%emt 0:00:02]} b4 {[%emt 0:00:07]} 27. Rac1 {[%emt 0:00:16]} Rxd5 {[%emt 0:00:08]} 28. Rxd5 {[%emt 0:00:01]} Rxd5 {[%emt 0:00:02]} 29. Rc2 {[%emt 0:00:05]} b3 {[%emt 0:00:18]} 30. Re2 {[%emt 0:00:02]} Ra5 {[%emt 0:00:11]} 31. Re8+ {[%emt 0:00:12]} Kg7 32. Rb8 {[%emt 0:00:04]} Rxa4 {[%emt 0:00:03]} 33. Kh2 {[%emt 0:00:04]} Ra2 {[%emt 0:00:07]} 34. Bc1 {[%emt 0:00:03]} Bxc3 {[%emt 0:00:12]} 35. Bd2 {[%emt 0:00:12]} 0-1